01366nam a2200145 4500008001000000020001800010082001500028100003700043245006400080260005200144300003400196505086600230650009201096700003201188708 C267c a9789974363632 a708bC267c aWillers, Karl Emil (curaduría) aCardillo:bdel río de la Plata al valle del río Hudson  aUruguaybMuseo Nacional de Artes Visualesc2018 a230 p.bil. (col)c28 x 24 cm tPrólogo / Prologue rEnrique AguerretRimer Cardillo: del Río de la Plata al valle del río Hudson / Rimer Cardillo: from the Río de la Plata to the río Hudson River ValleyrKarl Emil WillerstPoética y política de una representación de la naturaleza / Poetics and Politics of a Representation of NaturerManuel NevestMatrices simbólicas de un acervo ancestral / Symbolic Matrices of an Ancestral HeritagerCecilia Marina Slaby tRimer Cardillo: una confederación de atributos / Rimer Cardillo: A Confederation of AtributesrLinda WeintraubtEscenografías de insectos / Insect stage setsrRimer CardillotPor las tierras de Quiroga / Intro the Lands of QuirogarRimer CardillotBúho / OwlrRimer CardillotCaparazones / CarapacesrRimer CardillotObras expuestas / Works in the ExhibitiontCronología / ChronologytCréditos / Credits xarte contemporáneoxarte - exhibicionesxCardillo, RimerxGrabadoxEsculturaxUruguay aNeves, Manuel (curaduría)